00733nam a22001937a 450000500170000001000150001702000260003203500130005803700130007108200140008424501230009826000310022127000780025230000240033049001150035450000190046970000230048870000280051120150427104945.0 aENG-112312 a9781138020276c695.00 aEN-95844 bDBAD/PUB a363.73874 aCanned heat :cedited by Marcello Di Paola [and] Gianfranco Pellegrinobethics and politics of global climate change / aNew DelhibRoutledgec2014 a912,Tolstoy House, 15-17 Tolstoy Marg, Connaught PlacebNew Delhie110001 avi,248p. c23cm(Hb) aEthics, human rights and global political thought ; edited by Sebastiano Maffettone [and] Aakash Singh Rathore aIncludes index aDi Paola, Marcello a Pellegrino, Gianfranco